000 00344pab a2200145 454500
008 180718b2004 xxu||||| |||| 00| 0 eng d
100 _aBanerjee, Sumanta
245 _aPronography of torture
260 _c2004
300 _ap.3443-444.
362 _a31 Jul
650 _aTorture
773 _aEconomic and Political Weekly
909 _a61952
999 _c61952
_d61952